000 00338pab a2200145 454500
008 180718b1991 xxu||||| |||| 00| 0 eng d
100 _aNarayanan, C.
245 _aDecentralisation in Kerala
260 _c1991
300 _a25-6
362 _a30 Apr.
650 _aDecentralisation - India - Kerala
773 _aYojana
909 _a7063
999 _c7063
_d7063